00464nam a2200121Ia 4500008004100000020001800041100002400059245006600083260002800149300001400177999001900191952013200210171205s9999 xx 000 0 und d a9781483318790 aTokunaga, Howard T. aFundamental Statistics for the Social and Behavioral Sciences bSAGE Publicationsc2016 a720 pages c347381d347381 001040aCLbCLcRESd2017-12-05eLibrary Fundl2m9oHA 29 .T573 2016pc21022r2018-10-22 00:00:00s2018-08-02w2017-12-05yBK